000 00495nam a2200169Ia 4500
005 20250424120241.0
008 250424s9999 xx 000 0 und d
022 _a21411220
050 _aHF 187.5 .N6 I24/
245 0 _aIcan journal of accounting & finance
260 _aLagos
260 _bInstitute of Chartered Accountants of Nigeria
260 _c2013
300 _avii. , 159 p. ; 26 cm.
650 _aFinance--Nigeria--Periodicals. Accounting--Nigeria--Periodicals.
942 _cSR
999 _c38240
_d38240